000 01226nmc a2200289 a 4500
003 AR-BaBNM
005 20251128203754.0
008 147019s1971 ||||||||||||||000 | spa||
040 _cAR-BaBNM
100 1 _aMarkle, Susan Meyer
245 1 0 _aInstrucción programada
_banálisis de cuadros buenos y malos
250 _a1ª ed.
260 _aMéxico, D.F.
_bLimusa-Wiley
_bCentro Regional de Ayuda Técnica. Agencia para el Desarrollo Internacional
_c1971
300 0 _a379 p.
_bdiagr., tablas
490 0 _aLimusa Wiley de libros programados
500 0 _aIncluye glosario de tecnicismos de la instrucción programada.
500 1 _aEsta publicación ha sido preparada conjuntamente por la editorial y el Centro Regional de Ayuda Técnica, Agencia para el Desarrollo Internacional AID, Departamento de Estado del Gobierno de los Estados Unidos de América. El Centro es una organización dedi
504 _aBibliografía: p. 363-366
650 4 _aENSENANZA PROGRAMADA
650 4 _aPROGRAMACION PEDAGOGICA
650 4 _aCONTENIDO DEL PROGRAMA
650 4 _aMETODOS DE ENSENANZA
700 1 _aTejada, Leonor
_etraductor
700 1 _aGodinez de la Barrera, Gonzalo
_erevisión
942 _cBK
998 _csilvi
999 _c4884
_d4884